| 000 | 01044cam a2200325 i 4500 | ||
|---|---|---|---|
| 001 | 226214 | ||
| 003 | EG-ScBUE | ||
| 005 | 20240610102231.0 | ||
| 008 | 990401r19991998sa f b 000 0 eng d | ||
| 020 | _a0624037339 | ||
| 020 | _a9780624037330 | ||
| 040 |
_aDLC _beng _erda _cDLC _dDLC _dEG-ScBUE |
||
| 043 | _af-sa--- | ||
| 082 | 0 | 4 |
_a968.065 _222 _bMBE |
| 100 | 1 |
_aMbeki, Thabo, _eauthor. |
|
| 245 | 1 | 0 |
_aAfrica : _bthe time has come / _cselected speeches, Thabo Mbeki. |
| 250 | _aFirst edition. | ||
| 250 | _aThird impression. | ||
| 264 | 1 |
_aCape Town : _bTafelberg Publishers : _bMafube Publishing, _c1999. |
|
| 300 |
_axxii, 302 pages ; _c24 cm |
||
| 336 |
_2rdacontent _atext _btxt |
||
| 337 |
_aunmediated _2rdamedia _bn |
||
| 338 |
_avolume _bnc _2rdacarrier |
||
| 504 | _aIncludes bibliographical references. | ||
| 651 | 7 |
_aSouth Africa _xPolitics and government _y1994- _2BUEsh |
|
| 653 |
_bGGEN _bBUSBOL _cApril2018 |
||
| 655 | _vReading book | ||
| 942 |
_2ddc _cBB |
||
| 999 |
_c26514 _d26486 |
||